01349nam a2200289Ia 450000500170000000800410001702000190005808200160007710000450009324501030013825000390024130000270028049000250030750501950033260000790052760000770060660000840068365100440076770000510081194200120086226400470087433600270092133700330094833800280098104000350100999900150104420220317000946.0160825s2008 ck g 000 0 spa  a9789583600801204a320.5bS15e1 aSantander, Francisco de Paulad1792-184010aEscritos políticoscFrancisco de Paula Santander ; selección y prólogo de Jorge Orlando Melo a1a. edición b1a. reimpresión  a125 páginas c23 cm  aEscritos políticos aLa guerra de independencia -- En el gobierno -- El enfrentamiento con Bolívar: pertrechos y constituciones -- Conspiración y exilio -- Presidente de la nueva granada -- En la oposición14aSantander, Francisco de Paula d179 -1840 xPensamiento político 96359914aSantander, Francisco de Paula d179 -1840 xEscritos políticos 96360014aSantander, Francisco de Paula d179 -1840 xCorresponencia, memorias etc963601 aColombia xPolítica y gobierno 932431 aMelo, Jorge Orlandod1942-ecompilador 963602 2ddccBK aBogotábEl Áncora bPanamericanac2008 atextobtxt2rdacontent asin mediaciónbn2rdamedia avolumenbnc2rdacarrier aCO-BoRNBPbspaerdacCO-BoRNBP c5518d5518